书目信息 |
| 题名: |
中国民法典草案建议稿附理由
|
|
| 作者: | 梁慧星 主编 | |
| 分册: | 亲属编 | |
| 出版信息: | 北京 法律出版社 2013 |
|
| 页数: | 13,459页 | |
| 开本: | 24cm | |
| 丛书名: | ||
| 单 册: | ||
| 中图分类: | D923.04 , D923.904 | |
| 科图分类: | ||
| 主题词: | 民法--法典--研究--中国 , 婚姻法--研究--中国 , 民法 , 法典 , 婚姻法 | |
| 电子资源: | ||
| ISBN: | 978-7-5118-5412-4 | |
| 000 | 01155nam0 2200301 450 | |
| 001 | 523 | |
| 005 | 20140908083604.31 | |
| 010 | @a978-7-5118-5412-4@b精装@dCNY58.00 | |
| 100 | @a20140227d2013 em y0chiy50 ea | |
| 101 | 0 | @achi |
| 102 | @aCN@b110000 | |
| 105 | @ay z 001yy | |
| 106 | @ar | |
| 200 | 1 | @a中国民法典草案建议稿附理由@AZhong Guo Min Fa Dian Cao An Jian Yi Gao Fu Li You@e条文 说明 理由 立法例@ETiao Wen Shuo Ming Li You Li Fa Li@i亲属编@IQin Shu Bian@f梁慧星[编]@FLiang Hui Xing [ Bian ] |
| 210 | @a北京@c法律出版社@d2013 | |
| 215 | @a13,459页@d24cm | |
| 330 | @a本书对《中国民法典草案》草案各条文从条文、说明、理由和立法例四部分逐一进行具体分析和阐释。本书稿是国家出版基金项目“中国民法典草案建议稿附理由”系列丛书第六编亲属编。 | |
| 517 | 1 | @a条文 说明 理由 立法例@ATiao Wen Shuo Ming Li You Li Fa Li |
| 606 | 0 | @a民法@x法典@x研究@y中国 |
| 606 | 0 | @a婚姻法@x研究@y中国 |
| 606 | 0 | @a民法 |
| 606 | 0 | @a法典 |
| 606 | 0 | @a婚姻法 |
| 690 | @aD923.04@v5 | |
| 690 | @aD923.904@v5 | |
| 701 | 0 | @a梁慧星@ALiang Hui Xing@f(1944.1~)@4主编 |
| 801 | 0 | @aCN@bTANGWEI@c20140603 |
| 905 | @b0840497-99@dD923.04@e1181@f3 | |
| 中国民法典草案建议稿附理由:条文 说明 理由 立法例.亲属编/梁慧星[编].-北京:法律出版社,2013 |
| 13,459页;24cm |
| ISBN 978-7-5118-5412-4(精装):CNY58.00 |
| 本书对《中国民法典草案》草案各条文从条文、说明、理由和立法例四部分逐一进行具体分析和阐释。本书稿是国家出版基金项目“中国民法典草案建议稿附理由”系列丛书第六编亲属编。 |
| ● |
| 相关链接 |
|
|
|
|
正题名:中国民法典草案建议稿附理由
索取号:D923.04/1181
 
预约/预借
| 序号 | 登录号 | 条形码 | 馆藏地/架位号 | 状态 | 备注 |
| 1 | 0840497 | 208404975 | 第一样本阅览室/ [索取号:D923.04/1181] | 在馆 | |
| 2 | 0840498 | 208404984 | 第一借阅区/ [索取号:D923.04/1181] | 在馆 | |
| 3 | 0840499 | 208404993 | 密集书库-史法系/ [索取号:D923.04/1181] | 在馆 |